000 01211nam a2200301 i 4500
003 EG-GICUC
005 20260121101040.0
008 251025s1973 ua ||||fr|||| 000 0 ara d
040 _a EG-GICUC
_bara
_c EG-GICUC
_d EG-GICUC
_erda
041 0 _aara
082 0 4 _221
_a341.2
_bم ج . و
092 0 4 _221
099 _aLaw1 11 341.2 م ج . و 1973
110 _aمجلس الشعب
_bلجنة العلاقات الخارجية
_eمؤلف.
245 _aالوثائق الدولية لحرب 6 أكتوبر 1973/
_cمجلس الشعب.
246 _aWorld Community Documents On The 6th October 1973 War
264 1 _aالقاهرة:
_bمجلس الشعب-لجنة العلاقات الخارجية,
_c1973.
300 _a؛66 صفحة
_c24 سم
336 _2rda content
_atext
337 _2rda media
_aComputer
338 _2rda carrier
_aOnline Resource
546 _aالنص أغلبه باللغة العربية بعض النصوص الإنجليزية والفرنسية
650 1 4 _aالقانون الدولي العام
650 1 4 _aالمجتمع الدولي
856 4 0 _uhttps://fll.law.cu.edu.eg/fulltext/bks/B11-06447.pdf
905 _aLogain Ashraf
942 _2ddc
_cBK
_e21
_n0
999 _c37290
_d37290